000
00328nam a2200109 4500
008
b xx# fre u
040
_a
LB-BrCRDP
082
1
_a
107
_b
MOR
245
1
0
_a
Vocabulaire de la philosophie et des sciences humaines
_c
Louis-Marie Morfaux
942
_c
BK
999
_c
9525
_d
9525